| 000 | 01106nam0a22002531 4500 | ||
|---|---|---|---|
| 001 | rc\491557 | ||
| 005 | 20250621104516.0 | ||
| 035 | _a(NLR Aleph) 005733452 | ||
| 090 |
_a7603361 _c7603361 |
||
| 100 | _a20030616d1988 |||y0rusy50 ca | ||
| 101 | 0 | _arus | |
| 102 | _aRU | ||
| 105 | _ay ||||||||| | ||
| 200 | 1 |
_aМЕТОДИЧЕСКИЕ рекомендации по развитию скоростно-силовой подготовленности юных спортсменов _fГос. ком. УССР по физ. культуре и спорту, Респ. науч.-метод. каб. _g[Сост. к. п. н. Р.В. Жордочко и др.] |
|
| 210 |
_aКиев _cБ. и. _d1988 |
||
| 215 |
_a16 с. _d20 |
||
| 320 | _aБиблиогр.: с. 14 | ||
| 702 | 1 |
_aЖордочко _bР.В. _gРостислав Владимирович _4220 |
|
| 712 | 0 | 2 |
_aУкраинский респ. науч.-метод. кабинет по физ. культуре и спорту _cКиев |
| 801 | 0 |
_aRU _bNLR _gpsbo |
|
| 801 | 1 |
_aRU _bELAR _2rusmarc |
|
| 852 |
_aNLR _j89-4/7478 |
||
| 942 | _cBOOK | ||
| 980 | _aNB | ||